|
|
|
|
| LEADER |
02106nam a2200493 i 4500 |
| 001 |
nkc20183065113 |
| 003 |
CZ PrNK |
| 005 |
20210204083622.0 |
| 007 |
ta |
| 008 |
181228s2019 xr a e f 000 0 cze |
| 015 |
|
|
|a cnb003065113
|
| 020 |
|
|
|a 978-80-270-5293-6
|q (brožováno)
|z 978-802705293-6
|
| 035 |
|
|
|a (OCoLC)1107820569
|
| 040 |
|
|
|a BOA001
|b cze
|e rda
|
| 072 |
|
7 |
|a 378
|x Vysoké školy
|2 Konspekt
|9 22
|
| 080 |
|
|
|a 378.22
|2 MRF
|
| 080 |
|
|
|a 378.2
|2 MRF
|
| 080 |
|
|
|a (072)
|2 MRF
|
| 100 |
1 |
|
|a Szotkowská Lacková, Eva,
|d 1984-
|7 jo2015855934
|4 aut
|
| 245 |
1 |
0 |
|a Bakalářská a diplomová práce je hra, aneb, 10 + 5 tipů, jak napsat závěrečnou práci rychle, efektivně a bez stresu /
|c Eva Szotkowská Lacková
|
| 246 |
3 |
0 |
|a 10 + 5 tipů, jak napsat závěrečnou práci rychle, efektivně a bez stresu
|
| 250 |
|
|
|a Vydání: první
|
| 264 |
|
1 |
|a Písek :
|b Genius Institut,
|c 2019
|
| 300 |
|
|
|a 119 stran :
|b barevné ilustrace ;
|c 21 cm
|
| 336 |
|
|
|a text
|b txt
|2 rdacontent
|
| 337 |
|
|
|a bez média
|b n
|2 rdamedia
|
| 338 |
|
|
|a svazek
|b nc
|2 rdacarrier
|
| 500 |
|
|
|a V roce 2020 dotisk
|
| 504 |
|
|
|a Obsahuje bibliografii
|
| 650 |
0 |
7 |
|a bakalářské práce
|7 ph114112
|2 czenas
|
| 650 |
0 |
7 |
|a diplomové práce
|7 ph114327
|2 czenas
|
| 650 |
0 |
9 |
|a bachelor's theses
|2 eczenas
|
| 650 |
0 |
9 |
|a master's theses
|2 eczenas
|
| 655 |
|
7 |
|a metodické příručky
|7 fd132826
|2 czenas
|
| 655 |
|
9 |
|a methodological manuals
|2 eczenas
|
| 910 |
2 |
|
|a BOA001
|b 2-1427.762
|
| 990 |
|
|
|a BK
|
| 995 |
|
|
|a 01
|
| 991 |
|
|
|b 201906
|c NOV
|
| 996 |
6 |
|
|b 2610784574
|c 2-1427.762
|l MZK
|r Sklad / do 1 hodiny
|n 13
|p p.v.
|w 001726444
|u 000010
|a 1
|e BOA001
|j MZK50
|s P
|
| 996 |
7 |
|
|b 2610786594
|c 2-1427.762
|l Vol.výběr
|r VV 0p
|n 20
|p kup
|h 378 SZO
|w 001726444
|u 000020
|a 0
|e BOA001
|j MZK50
|s A
|
| 996 |
7 |
|
|b 2610847945
|c 2-1427.762
|l Vol.výběr
|r VV 0p
|n 13
|p kup
|h 378 SZO
|w 001726444
|u 000030
|a 0
|e BOA001
|j MZK50
|s A
|
| 996 |
7 |
|
|b 2610847946
|c 2-1427.762
|l Vol.výběr
|r VV 0p
|n 11
|p kup
|h 378 SZO
|w 001726444
|u 000040
|a 0
|e BOA001
|j MZK50
|s A
|
| 996 |
7 |
|
|b 2610856292
|c 2-1427.762
|l Vol.výběr
|r VV 0p
|n 13
|p dar
|h 378 SZO
|w 001726444
|u 000050
|a 0
|e BOA001
|j MZK50
|s A
|